Switzerland builds; (Record no. 95551)

MARC details
000 -LEADER
fixed length control field 00695cam a2200217 4500
008 - FIXED-LENGTH DATA ELEMENTS--GENERAL INFORMATION
fixed length control field
090 ## - LOCALLY ASSIGNED LC-TYPE CALL NUMBER (OCLC); LOCAL CALL NUMBER (RLIN)
Classification number (OCLC) (R) ; Classification number, CALL (RLIN) (NR) NA1348
Local cutter number (OCLC) ; Book number/undivided call number, CALL (RLIN) KID.
003 - CONTROL NUMBER IDENTIFIER
control field
005 - DATE AND TIME OF LATEST TRANSACTION
control field 20230120131027.0
040 ## - CATALOGING SOURCE
Transcribing agency NUST
049 ## - LOCAL HOLDINGS (OCLC)
Holding library MAIN
100 1# - MAIN ENTRY--PERSONAL NAME
Personal name Smith, G. E. Kidder.
245 10 - TITLE STATEMENT
Title Switzerland builds;
Remainder of title its native and modern architecture /
Statement of responsibility, etc. G. E. Kidder Smithr.
260 ## - PUBLICATION, DISTRIBUTION, ETC.
Place of publication, distribution, etc. London :
Name of publisher, distributor, etc. Architectural Press,
Date of publication, distribution, etc. 1950.
300 ## - PHYSICAL DESCRIPTION
Extent 234 p.
Other physical details ill. (part col.) plans.
Dimensions 29 cm.
504 ## - BIBLIOGRAPHY, ETC. NOTE
Bibliography, etc. note Includes bibliographical references.
650 #0 - SUBJECT ADDED ENTRY--TOPICAL TERM
Topical term or geographic name entry element Architecture
Geographic subdivision Switzerland.
650 #0 - SUBJECT ADDED ENTRY--TOPICAL TERM
Topical term or geographic name entry element Architecture
General subdivision Designs and plans.
907 ## - LOCAL DATA ELEMENT G, LDG (RLIN)
a .b10187388
b 16-03-12
c 24-01-06
942 ## - ADDED ENTRY ELEMENTS (KOHA)
Koha item type Ordinary Loan Books
Call number prefix NA1348
Call number suffix KID.
Holdings
Date last seen Total Checkouts Full call number Barcode Cost, replacement price Price effective from Koha item type Lost status Source of classification or shelving scheme Damaged status Not for loan Collection Withdrawn status Home library Current library Shelving location Date acquired Cost, normal purchase price
01/20/2023   NA1348 SMI 92003000400 80.00 01/20/2023 BOOKS   LCC     NFIC   FOBE FOBE GEN 01/20/2023 80.00